000 00287nam a2200109Ia 4500
008 171211s9999 xx 000 0 und d
245 _aBaguazhang Volume 1
245 _cErle Montaigue
260 _c2004
650 _xMartial Arts
856 _uhttp://down.ebook777.com/054/0949132079.pdf
999 _c348246
_d348246